000 01530nam0a22003371 4500
001 v19\rc\1493671
005 20060620115632.4
035 _a(NLR Aleph) 004622630
090 _a3060950
_c3060950
100 _a20060620e18811881|||y0rusy50 ba
101 0 _arus
102 _aRU
105 _ay z |||||
200 1 _aCurie Seimbres, Essai sur les villes fondées dans le sud-ouest de la France aux XIII et XIV s. sous le nom générique de bastides Toulouse. 1880
_e[Рец.
210 _aКиев]
_cУнив. тип.
_d[1881]
215 _a23 с.
_d24
300 _aВ колонтит. авт.: И.В. Лучицкий
309 _aБез тит. л. и обл.
311 _aОтт. из "Унив. изв." 1881 г., №№ 4 и 12
470 0 _12001#$aEssai sur les villes fondées dans le sud-ouest de la France aux XIII et XIV s. sous le nom générique de bastides Toulouse
_1210##$d1880
_1700#1$aSeimbres
_tEssai sur les villes fondées dans le sud-ouest de la France aux XIII et XIV s. sous le nom générique de bastides Toulouse
_aSeimbres
488 0 _12001#$aУниверситетские известия$v1881, № 4, 12
_tУниверситетские известия
700 1 _aЛучицкий
_bИ. В.
_f1845-1918
_gИван Васильевич
801 0 _aRU
_bNLR
_gpsbo
801 0 _aRU
_bRuMoRGB
_2psbo
801 1 _aRU
_bProSoft-M
_2rusmarc
852 _aNLR
_j34/1614
899 _aRuMoRGB
_jXX 184/1
899 _aRuMoRGB
_jXX 185/1
899 _aRuMoRGB
_jXX 186/1
942 _cBOOK
980 _aNB